| 000 | 02177pam a2200493 c 4500 | ||
|---|---|---|---|
| 001 | 1002297133 | ||
| 003 | DE-101 | ||
| 005 | 20250527114948.0 | ||
| 007 | tu | ||
| 008 | 100507s2011 gw ||||| |||| 00||||ger | ||
| 015 |
_a11,A12 _z10,N19 _2dnb |
||
| 016 | 7 |
_2DE-101 _a1002297133 |
|
| 020 |
_a9783551752444 _ckart. : EUR 17.90 (DE), EUR 18.40 (AT), sfr 32.90 (freier Pr.) |
||
| 024 | 3 | _a9783551752444 | |
| 035 | _a(DE-599)DNB1002297133 | ||
| 035 | _a(OCoLC)724167425 | ||
| 040 |
_a1245 _bger _cDE-101 _d9999 |
||
| 041 |
_ager _hjpn |
||
| 044 | _cXA-DE-HH | ||
| 082 | 7 | 4 |
_aK _a741.5 _qDE-101 _222sdnb |
| 090 | _ab | ||
| 100 | 1 |
_0(DE-588)1028304803 _0https://d-nb.info/gnd/1028304803 _0(DE-101)1028304803 _aHayashi, Hikaru _d1961- _eVerfasser _4aut _2gnd |
|
| 245 | 1 | 0 |
_aManga-Figuren entwickeln _cHikaru Hayashi. [Aus dem Japan. von Cordelia von Teichman] |
| 250 | _aDt. Ausg. | ||
| 264 | 1 |
_aHamburg _bCarlsen _c2011 |
|
| 300 |
_a183 S. _büberw. Ill. _c26 cm |
||
| 336 |
_aunbewegtes Bild _bsti _2rdacontent |
||
| 337 |
_aohne Hilfsmittel zu benutzen _bn _2rdamedia |
||
| 338 |
_aBand _bnc _2rdacarrier |
||
| 385 |
_0(DE-588)4028859-6 _0https://d-nb.info/gnd/4028859-6 _0(DE-101)040288595 _aJugend _2gnd |
||
| 490 | 0 | _aHow to draw manga | |
| 490 | 0 | _aCarlsen-Manga! | |
| 650 | 7 |
_0(DE-588)4627787-0 _0https://d-nb.info/gnd/4627787-0 _0(DE-101)961015306 _aManga _9rswk-swf _2gnd |
|
| 650 | 7 |
_0(DE-588)4113617-2 _0https://d-nb.info/gnd/4113617-2 _0(DE-101)041136179 _aFrau _gMotiv _9rswk-swf _2gnd |
|
| 650 | 7 |
_0(DE-588)4489467-3 _0https://d-nb.info/gnd/4489467-3 _0(DE-101)95297388X _aFigurenzeichnung _9rswk-swf _2gnd |
|
| 653 | _a(VLB-PF)BC: Paperback | ||
| 653 | _a(VLB-WN)1180: Hardcover, Softcover / Belletristik/Comic, Cartoon, Humor, Satire | ||
| 655 | 7 |
_0(DE-588)4028933-3 _0https://d-nb.info/gnd/4028933-3 _0(DE-101)040289338 _aJugendsachbuch _2gnd-content |
|
| 655 | 7 |
_aJugendsachbuch _9rswk-swf _2gnd |
|
| 856 | 4 | 2 |
_mB:DE-101 _qapplication/pdf _uhttps://d-nb.info/1002297133/04 _3Inhaltsverzeichnis |
| 856 | 4 | 2 |
_mX:MVB _qtext/html _uhttp://deposit.dnb.de/cgi-bin/dokserv?id=3470129&prov=M&dok_var=1&dok_ext=htm _3Inhaltstext |
| 942 |
_2ddc _cBUCH _n0 |
||
| 999 |
_c1257 _d1257 |
||